| LEADER | 00503nam a2200145 i 4500 | ||
|---|---|---|---|
| 003 | GR-PaULI | ||
| 005 | 20210117211016.0 | ||
| 008 | 191119b ||||| |||| 00| 0 eng d | ||
| 952 | |0 0 |1 0 |2 ddc |4 0 |7 0 |9 237242 |a THST |b THST |d 2019-11-19 |j 127 |l 3 |p 025000264536 |r 2019-12-11 00:00:00 |s 2019-11-19 |t 1 |v 2019.00 |w 2019-11-19 |y BK15 | ||
| 999 | |c 143479 |d 143479 | ||
| 040 | |a GR-PaULI |b gre |c GR-PaULI |e AACR2 | ||
| 245 | |a Η σκέψη και ο κυβερνήτης | ||
| 300 | |a 196 σ. | ||
| 942 | |2 ddc |c BK15 | ||
| 998 | |c ΜΑΝΙΑ |d 2019-11 | ||